[Event "London Classic Open 2018"]
[Site "London ENG"]
[Date "2018.12.14"]
[Round "6.60"]
[White "Georgescu, Lena"]
[Black "De Coverly, Roger D"]
[Result "1-0"]
[WhiteTitle "WFM"]
[WhiteElo "2162"]
[BlackElo "1951"]
[WhiteFideId "1331973"]
[BlackFideId "405213"]
[EventDate "2018.12.09"]

1. Nf3 Nf6 2. g3 d5 3. Bg2 c5 4. O-O Nc6 5. d3 e5 6. Nbd2 Be7 7. e4 d4 8. Nc4
Qc7 9. a4 Bg4 10. h3 Bh5 11. Bd2 O-O 12. g4 Bg6 13. Nh4 Nd7 14. Nf5 Nb6 15. b3
f6 16. Na3 Nc8 17. f4 a6 18. Nxe7+ N8xe7 19. f5 Bf7 20. g5 Kh8 21. Qg4 Qd6 22.
h4 Rab8 23. a5 Qd8 24. h5 fxg5 25. Bxg5 Qd7 26. h6 g6 27. Bf6+ Kg8 28. Bg7 Rfd8
29. Nc4 Rbc8 30. Nb6 Qd6 31. Nxc8 Nxc8 32. Bh3 Re8 33. fxg6 Qxg6 34. Rf6 Qxg4+
35. Bxg4 N8a7 36. Raf1 Nd8 37. Bh5 Re7 38. Rd6 Nac6 39. Kg2 Re8 40. Rdf6 Re7 41.
Rd6 Re8 42. Bxf7+ Nxf7 43. Rd7 Re7 44. Rd5 Re8 45. Rxc5 Ng5 46. Rd5 Ne6 47. Rd7
Nf4+ 48. Rxf4 exf4 49. Rxb7 Nxa5 50. Rc7 Re6 51. Kf3 Rc6 52. Rd7 Rxc2 53. Bxd4
Nxb3 54. Bf6 Rc6 55. e5 Nc5 56. Rg7+ Kf8 57. Be7+ Ke8 58. Bxc5 Rxc5 59. Kxf4 Rc6
60. Rxh7 Kf8 61. Kf5 Kg8 62. Rg7+ Kh8 63. e6 Rc1 64. e7 Re1 65. Kf6 a5 66. Rg4 1-0

[Event "London Classic Open 2018"]
[Site "London ENG"]
[Date "2018.12.14"]
[Round "6.61"]
[White "Frank, Tena"]
[Black "Smith, Andrew Philip"]
[Result "1/2-1/2"]
[WhiteTitle "WFM"]
[BlackTitle "FM"]
[WhiteElo "1899"]
[BlackElo "2157"]
[WhiteFideId "4624297"]
[BlackFideId "2500833"]
[EventDate "2018.12.09"]

1. d4 d6 2. c4 Nd7 3. Nc3 e5 4. e4 c6 5. Be3 h6 6. Nf3 Ne7 7. Qc2 Ng6 8. O-O-O
Be7 9. g3 Qc7 10. h4 Nf6 11. dxe5 dxe5 12. Nh2 Be6 13. Be2 Nd7 14. h5 Ngf8 15.
f4 Bc5 16. Bd2 Bh3 17. Ng4 Bxg4 18. Bxg4 Nf6 19. Bf5 Ne6 20. fxe5 Qxe5 21. Bxe6
Qxe6 22. e5 Nd7 23. Ne4 O-O 24. Bf4 Be7 25. Qc3 Rad8 26. Rhe1 Nc5 27. Nd6 Qg4
28. Qe3 b6 29. Qe2 Qe6 30. g4 b5 31. b3 a6 32. Nf5 Rxd1+ 33. Rxd1 Nd7 34. Nd4
Ba3+ 35. Kb1 Qe8 36. Nxc6 Nc5 37. Nd4 Ne6 38. Nxe6 fxe6 39. Bc1 Bc5 40. Be3 Qc6
41. Bxc5 Qxc5 42. cxb5 axb5 43. Qe4 1/2-1/2

[Event "London Classic Open 2018"]
[Site "London ENG"]
[Date "2018.12.14"]
[Round "6.62"]
[White "Stone, Andrew M"]
[Black "Jukes, Sam"]
[Result "1-0"]
[WhiteElo "2157"]
[BlackElo "1888"]
[WhiteFideId "404985"]
[BlackFideId "1803182"]
[EventDate "2018.12.09"]

1. Nf3 Nf6 2. c4 e6 3. g3 b6 4. Bg2 Bb7 5. O-O Be7 6. Nc3 O-O 7. d4 d5 8. e3
dxc4 9. Ne5 Bxg2 10. Kxg2 Nd5 11. Qf3 f6 12. Nxc4 Na6 13. e4 Nxc3 14. bxc3 c5
15. Bb2 Nc7 16. Rfd1 Qc8 17. d5 Qa6 18. d6 Qxc4 19. dxe7 Rfe8 20. Rd7 Qb5 21.
Rxc7 Qxb2 22. Rd1 Qxa2 23. e5 Qa4 24. Rcd7 Rac8 25. Rd8 Kf7 26. Rxc8 Rxc8 27.
Rd8 Kxe7 28. Rxc8 Qd7 29. Rb8 Qd5 30. Rb7+ 1-0

[Event "London Classic Open 2018"]
[Site "London ENG"]
[Date "2018.12.14"]
[Round "6.63"]
[White "Woltery, Nicolai"]
[Black "Pollack, Oscar"]
[Result "0-1"]
[WhiteElo "1817"]
[BlackElo "2150"]
[WhiteFideId "436887"]
[BlackFideId "429414"]
[EventDate "2018.12.09"]

1. c4 g6 2. g3 Bg7 3. Bg2 d6 4. Nc3 Nf6 5. Nf3 O-O 6. O-O e5 7. d3 Nc6 8. Rb1 h6
9. Nd2 Bf5 10. b4 a6 11. a4 Qc8 12. b5 axb5 13. axb5 Ne7 14. e4 Bg4 15. f3 Bh3
16. Re1 h5 17. Nf1 Nh7 18. Ne3 Bxg2 19. Nxg2 f5 20. Nd5 Nxd5 21. cxd5 Bf6 22. f4
Bg7 23. fxe5 dxe5 24. Rf1 fxe4 25. Rxf8+ Bxf8 26. dxe4 Qh3 27. Qc2 Bd6 28. Be3
Nf6 29. Qe2 Ng4 30. Ne1 Nxe3 31. Qxe3 Ra2 32. Qf3 Bc5+ 33. Kh1 Qxh2# 0-1

[Event "London Classic Open 2018"]
[Site "London ENG"]
[Date "2018.12.14"]
[Round "6.64"]
[White "Tozer, Philip A A"]
[Black "Hughes, Anthony"]
[Result "1-0"]
[BlackTitle "CM"]
[WhiteElo "2137"]
[BlackElo "1910"]
[WhiteFideId "419982"]
[BlackFideId "1803093"]
[EventDate "2018.12.09"]

1. c4 e6 2. g3 d5 3. Bg2 Nf6 4. Nf3 dxc4 5. O-O Nbd7 6. Na3 Bxa3 7. bxa3 Nb6 8.
a4 Bd7 9. a5 Ba4 10. Qe1 Nbd7 11. Ba3 c5 12. d3 O-O 13. dxc4 Qc7 14. Bb2 Rfe8
15. Qc3 e5 16. Nh4 Bc6 17. f3 Rad8 18. Nf5 Nf8 19. Rad1 Rd7 20. Bh3 Red8 21.
Rxd7 Rxd7 22. Qxe5 Qxe5 23. Bxe5 Rd2 24. Ne7+ Kh8 25. Nxc6 bxc6 26. Rb1 Rxe2 27.
Bd6 Ne6 28. Rb8+ Ng8 29. Bxe6 fxe6 30. Rb7 a6 31. Rb6 Rc2 32. Rxa6 Rxc4 33. Rxc6
Rc1+ 34. Kf2 c4 35. a3 h5 36. a6 Rc2+ 37. Ke3 Nf6 38. a7 Nd5+ 39. Kd4 Rd2+ 40.
Kc5 Nc7 41. Rxc7 Rd5+ 42. Kxc4 1-0

[Event "London Classic Open 2018"]
[Site "London ENG"]
[Date "2018.12.14"]
[Round "6.65"]
[White "Gant, Chris J"]
[Black "Finn, Peter"]
[Result "1-0"]
[WhiteTitle "FM"]
[WhiteElo "2135"]
[BlackElo "1820"]
[WhiteFideId "403946"]
[BlackFideId "432156"]
[EventDate "2018.12.09"]

1. d4 Nf6 2. Nf3 e6 3. c4 Bb4+ 4. Bd2 a5 5. g3 b6 6. Bg2 Bb7 7. O-O Bxd2 8.
Nbxd2 d6 9. Qc2 Qe7 10. e4 e5 11. a3 a4 12. Rfe1 O-O 13. Rac1 Nc6 14. c5 exd4
15. cxd6 cxd6 16. Nc4 Nd7 17. e5 dxe5 18. Nfxe5 Ndxe5 19. Bxc6 Bxc6 20. Nxe5 Bd5
21. Ng6 Qd7 22. Nxf8 Rxf8 23. Qd3 Qh3 24. f3 h5 25. Re5 Ba8 26. Qf5 Qxf5 27.
Rxf5 Rd8 28. Rd1 g6 29. Rf4 d3 30. Rd2 Bc6 31. Kf2 Bb5 32. Rb4 Rd5 33. Ke3 f6
34. Rd4 Re5+ 35. Re4 Kf7 36. Rxe5 fxe5 37. h4 Ke6 38. Ke4 Bc4 39. g4 Ba6 40.
gxh5 gxh5 41. Ke3 Kd5 42. Rd1 Bb5 43. Rc1 Bc4 44. Rg1 Ba6 45. Rg6 Kc5 46. Re6
Kc4 47. Rxb6 Bb5 48. Rb8 Bc6 49. Rb4+ Kc5 50. Kxd3 Bxf3 51. Rxa4 Kd6 52. Ke3 Bb7
53. Ra5 Ke6 54. Ra7 Bc6 55. Ra6 Kd5 56. Rxc6 1-0

[Event "London Classic Open 2018"]
[Site "London ENG"]
[Date "2018.12.14"]
[Round "6.66"]
[White "Dougan Maho, Harold"]
[Black "Day, Christopher"]
[Result "1-0"]
[WhiteElo "2204"]
[BlackElo "1761"]
[WhiteFideId "2257076"]
[BlackFideId "2625326"]
[EventDate "2018.12.09"]

1. e4 c6 2. d4 d5 3. e5 Bf5 4. c3 e6 5. Be3 Nd7 6. f4 Qb6 7. Qb3 h5 8. Nf3 Nh6
9. h3 Be7 10. Be2 O-O 11. O-O Qxb3 12. axb3 c5 13. Bb5 cxd4 14. Nxd4 Nc5 15. b4
a6 16. Be2 Ne4 17. Rd1 Ng3 18. Bf3 Be4 19. Nd2 Bxf3 20. N2xf3 Nhf5 21. Bf2 Ne4
22. Nxf5 exf5 23. Rxd5 Nxf2 24. Kxf2 Rfd8 25. Rad1 Kf8 26. Rxd8+ Rxd8 27. Rxd8+
Bxd8 28. Nd4 g6 29. Nb3 b6 30. Nd4 Ke8 31. Kf3 h4 32. g4 hxg3 33. Kxg3 Kd7 34.
h4 f6 35. h5 gxh5 36. Nxf5 fxe5 37. fxe5 Ke6 38. Kf4 Bc7 39. Nd4+ Kd5 40. Nf3
Ke6 41. Ke4 Bd8 42. Nd4+ Kd7 43. Kf5 h4 44. Kg4 Be7 45. b3 Bd8 46. Kh3 Be7 47.
Nf5 Bg5 48. Nxh4 Bd2 49. c4 Bxb4 50. Kg4 Ke6 51. Kf4 Bc3 52. Nf3 Bb2 53. Ke4 Bc1
54. Nd4+ Kd7 55. Kd5 Bg5 56. e6+ Ke7 57. Nf5+ Ke8 58. Kc6 1-0

[Event "London Classic Open 2018"]
[Site "London ENG"]
[Date "2018.12.14"]
[Round "6.68"]
[White "Jain, Gautam"]
[Black "Knudsen, Simon"]
[Result "0-1"]
[WhiteElo "1926"]
[BlackElo "2206"]
[WhiteFideId "425311"]
[BlackFideId "12985546"]
[EventDate "2018.12.09"]

1. e4 g6 2. Nc3 Bg7 3. g3 c5 4. Bg2 Nc6 5. Nge2 e6 6. O-O Nge7 7. Nf4 d6 8. d3
Rb8 9. Be3 b5 10. Rb1 b4 11. Nce2 Qa5 12. c3 O-O 13. Qd2 Qxa2 14. Nh3 bxc3 15.
Nxc3 Qb3 16. Bh6 Nd4 17. Qg5 f6 18. Qh4 Ba6 19. Ra1 Bxd3 20. Rxa7 Rf7 21. Rfa1
Qxb2 22. Nd1 Qb6 23. Ne3 Nec6 24. Ra8 Rff8 25. Rxb8 Rxb8 26. Bxg7 Kxg7 27. f4
Qb2 28. Rd1 Qe2 29. Nf2 Qxe3 30. e5 dxe5 31. Bxc6 e4 0-1

[Event "London Classic Open 2018"]
[Site "London ENG"]
[Date "2018.12.14"]
[Round "6.69"]
[White "Laustsen, Lars"]
[Black "Rizzoli, Aluna"]
[Result "1-0"]
[WhiteElo "2186"]
[BlackElo "1911"]
[WhiteFideId "1407554"]
[BlackFideId "843881"]
[EventDate "2018.12.09"]

1. d4 Nf6 2. c4 e6 3. g3 c5 4. d5 exd5 5. cxd5 d6 6. Nc3 g6 7. Bg2 Bg7 8. Nf3
O-O 9. O-O Re8 10. Bf4 Ne4 11. Nxe4 Rxe4 12. Nd2 Rxf4 13. gxf4 Bxb2 14. Rb1 Bg7
15. e4 Nd7 16. Re1 Bh6 17. e5 Bxf4 18. e6 Ne5 19. Nf3 fxe6 20. dxe6 Bxe6 21.
Rxb7 Rb8 22. Rxa7 Kh8 23. Qa1 Qf6 24. Qc3 Rf8 25. a4 h5 26. Nxe5 Bxe5 27. Qe3 g5
28. Ra8 Bc8 29. Qf3 Qxf3 30. Bxf3 Kg7 31. Bd5 Bd4 32. Re2 Bd7 33. Re7+ Kf6 34.
Rxd7 1-0

[Event "London Classic Open 2018"]
[Site "London ENG"]
[Date "2018.12.14"]
[Round "6.70"]
[White "Cole, James"]
[Black "Martinez, Ayelen"]
[Result "0-1"]
[BlackTitle "WIM"]
[WhiteElo "1914"]
[BlackElo "2185"]
[WhiteFideId "431818"]
[BlackFideId "118702"]
[EventDate "2018.12.09"]

1. d4 Nf6 2. Nf3 g6 3. c4 Bg7 4. g3 O-O 5. Bg2 d6 6. Nc3 c5 7. d5 e6 8. O-O exd5
9. cxd5 a6 10. a4 Bg4 11. Nd2 Qe7 12. h3 Bf5 13. Re1 Rd8 14. Kh2 h5 15. e4 Bc8
16. Nc4 Nbd7 17. Bg5 Ne5 18. Nb6 Nfg4+ 19. Kg1 Qxg5 20. Qc1 Qxc1 21. Rexc1 Nxf2
22. Nxa8 Nxh3+ 23. Bxh3 Bxh3 24. Nb6 Nf3+ 25. Kf2 Nd2 26. Re1 Re8 27. Re2 Bd4+
28. Ke1 Nf3+ 29. Kd1 Ne5 30. Kc2 Bg4 0-1

[Event "London Classic Open 2018"]
[Site "London ENG"]
[Date "2018.12.14"]
[Round "6.71"]
[White "Stewart, Ashley"]
[Black "Cramling Bellon, Anna"]
[Result "0-1"]
[BlackTitle "WFM"]
[WhiteElo "2160"]
[BlackElo "1927"]
[WhiteFideId "419001"]
[BlackFideId "32009232"]
[EventDate "2018.12.09"]

1. c4 c5 2. g3 Nc6 3. Bg2 g6 4. Nc3 Bg7 5. Nf3 e5 6. O-O d6 7. a3 Nge7 8. Ne1
Be6 9. Nd5 a5 10. d3 O-O 11. Bg5 f6 12. Bd2 Rb8 13. Nc2 b5 14. b4 bxc4 15. dxc4
e4 16. Bxe4 axb4 17. axb4 f5 18. Bg2 Bxd5 19. cxd5 Bxa1 20. dxc6 Be5 21. Qb1 d5
22. Bg5 Bf6 23. Bf4 Rb6 24. c7 Qd7 25. Qa2 cxb4 26. Qa7 Qb5 27. Ne3 g5 28. Bxd5+
Kh8 29. Bc4 Qc6 30. Nd5 Nc8 31. Qb8 gxf4 32. Nxb6 Qxb6 33. Rd1 fxg3 34. hxg3 Bd4
35. Kg2 Qc6+ 36. f3 Qxc4 37. Kf1 b3 38. Qa8 Qxc7 39. Rxd4 b2 40. Rd1 Rd8 41. Re1
Qxg3 42. Qa5 Rg8 43. Qc3+ Qg7 44. Qxg7+ Rxg7 45. Rb1 Rb7 0-1

[Event "London Classic Open 2018"]
[Site "London ENG"]
[Date "2018.12.14"]
[Round "6.72"]
[White "Willmoth, Robert F"]
[Black "Jones, Tibor"]
[Result "1/2-1/2"]
[WhiteTitle "CM"]
[WhiteElo "2144"]
[BlackElo "1860"]
[WhiteFideId "402540"]
[BlackFideId "2405288"]
[EventDate "2018.12.09"]

1. d4 d5 2. Nf3 Nf6 3. b3 c5 4. e3 Nc6 5. Bb2 Bg4 6. Nbd2 cxd4 7. exd4 e6 8. a3
Ne4 9. Be2 Nxd2 10. Qxd2 Be7 11. O-O O-O 12. Ne5 Bxe2 13. Nxc6 bxc6 14. Qxe2 Qb6
15. b4 Bf6 16. Rad1 a5 17. c3 Qb5 18. Qe3 Rfb8 19. f4 g6 20. Rd2 Qc4 21. g4 Re8
22. Rf3 Bg7 23. g5 Qa2 24. Qd3 Qc4 25. Qxc4 dxc4 26. Rf1 Red8 27. Kg2 Rd5 28.
Rff2 h6 29. h4 Bf8 30. Rc2 Bd6 31. Bc1 h5 32. Bd2 Kf8 33. Be3 Rb5 34. Ra2 Rb7
35. Kf3 Bc7 36. Rfe2 Ke7 37. Bf2 Kd7 38. Rab2 Rab8 39. Re1 Bd6 40. Reb1 Kc7 41.
Be1 a4 42. Re2 Rb5 43. Rd1 Rf5 44. Re5 Rb5 45. Re4 Rfd5 46. Bg3 Kd7 47. Rde1 Rf5
48. R1e3 Rbd5 49. Bf2 Kc7 50. Re2 Rb5 51. Re5 Kd7 52. Rxf5 exf5 53. Re1 Bc7 54.
Rb1 Bd6 55. Be3 Bf8 56. Bd2 Bd6 57. Re1 Bc7 58. Be3 1/2-1/2

[Event "London Classic Open 2018"]
[Site "London ENG"]
[Date "2018.12.14"]
[Round "6.73"]
[White "Mugalu, Hassan"]
[Black "Englisch, Colya"]
[Result "0-1"]
[WhiteElo "1910"]
[BlackElo "2105"]
[WhiteFideId "451533"]
[BlackFideId "36080420"]
[EventDate "2018.12.09"]

1. d4 d6 2. Bf4 g6 3. e3 Bg7 4. Nd2 Nd7 5. h4 e5 6. dxe5 dxe5 7. Bg3 h5 8. Ne4
Nh6 9. Qd5 O-O 10. O-O-O c6 11. Qb3 Nf5 12. Nf3 Nxg3 13. Nxg3 Nc5 14. Qc4 Qe7
15. Ng5 b5 16. Qe2 e4 17. Nxh5 gxh5 18. Qxh5 Bf5 19. Qe2 Na4 20. Rd4 Nxb2 21.
Kxb2 c5 22. c3 cxd4 23. exd4 b4 24. c4 Qc5 25. g4 Qxd4+ 26. Kb1 Qa1+ 0-1

[Event "London Classic Open 2018"]
[Site "London ENG"]
[Date "2018.12.14"]
[Round "6.74"]
[White "Dahl, Baard"]
[Black "Karia, Rishul"]
[Result "1/2-1/2"]
[WhiteElo "2097"]
[BlackElo "1851"]
[WhiteFideId "444251"]
[BlackFideId "429384"]
[EventDate "2018.12.09"]

1. e4 e5 2. Nf3 Nc6 3. Bc4 Nf6 4. d3 Be7 5. O-O d6 6. a4 h6 7. Re1 g5 8. c3 g4
9. Nfd2 h5 10. Nf1 h4 11. Ne3 Rg8 12. Nd2 Nh7 13. Ndf1 Bg5 14. Nd5 Ne7 15. Bxg5
Rxg5 16. f4 gxf3 17. Qxf3 Nxd5 18. Bxd5 Rg7 19. Qh5 Qg5 20. Qxg5 Nxg5 21. Kf2 c6
22. Bc4 Be6 23. Ne3 O-O-O 24. Bxe6+ Nxe6 25. Nf5 Rh7 26. Rad1 Ng7 27. Kf3 Nxf5
28. exf5 f6 29. Re4 Rh5 30. Kg4 Rg5+ 31. Kh3 Rxf5 32. Rd2 d5 33. Rxh4 Re8 34.
Re2 Rf1 35. g3 Rf3 36. d4 e4 37. Rf4 Rxf4 38. gxf4 f5 39. Kg3 1/2-1/2

[Event "London Classic Open 2018"]
[Site "London ENG"]
[Date "2018.12.14"]
[Round "6.75"]
[White "Lopez Gomez, Jose Pablo"]
[Black "Lochte, Szilvia"]
[Result "1-0"]
[WhiteElo "2094"]
[BlackElo "1843"]
[WhiteFideId "5110645"]
[BlackFideId "708410"]
[EventDate "2018.12.09"]

1. e4 c5 2. Nf3 e6 3. d4 cxd4 4. Nxd4 a6 5. Nc3 b5 6. Bd3 Bb7 7. O-O Qc7 8. Re1
d6 9. Qg4 Nf6 10. Qh4 Nbd7 11. Bg5 Be7 12. Nd5 Bxd5 13. exd5 Nxd5 14. Nf5 Bf8
15. Be4 N7b6 16. Rad1 Kd7 17. Qg4 g6 18. Bxd5 Nxd5 19. Rxd5 gxf5 20. Rxf5 exf5
21. Qxf5+ Kc6 22. Qf3+ d5 23. Qc3+ Bc5 24. b4 Kb6 25. bxc5+ Kc6 26. Qf6+ Kxc5
27. Be3+ Kb4 28. Qb2+ Ka4 29. Qb3+ Ka5 30. Qa3# 1-0

[Event "London Classic Open 2018"]
[Site "London ENG"]
[Date "2018.12.14"]
[Round "6.76"]
[White "Semprun Martinez, Fernando"]
[Black "Wei, Naomi"]
[Result "1-0"]
[WhiteElo "2091"]
[BlackElo "1812"]
[WhiteFideId "2203170"]
[BlackFideId "425850"]
[EventDate "2018.12.09"]

1. Nf3 e6 2. d4 Nf6 3. c4 d5 4. g3 dxc4 5. Bg2 Bb4+ 6. Bd2 a5 7. O-O O-O 8. Qc2
c6 9. Qxc4 Bxd2 10. Nbxd2 Nbd7 11. Rfd1 Qe7 12. Ne5 Nxe5 13. dxe5 Nd7 14. f4 f6
15. exf6 Nxf6 16. Nf3 Ng4 17. Rd3 b5 18. Qe4 e5 19. Nh4 g5 20. fxg5 Qa7+ 21. e3
Nf2 22. Qxc6 Nxd3 23. Qd5+ Kg7 24. Qxd3 Bb7 25. Nf5+ Rxf5 26. Qxf5 Qxe3+ 27. Qf2
Qxf2+ 28. Kxf2 Bxg2 29. Kxg2 Kg6 30. h4 e4 31. Rf1 Rd8 32. Rf6+ Kg7 33. Rf2 a4
34. Re2 b4 35. Kf2 Rd4 36. Ke3 Rd3+ 37. Kf4 b3 38. a3 Rd4 39. g4 Rc4 40. h5 Rc2
41. Ke3 Rc4 42. Rf2 Rc2 43. Rxc2 bxc2 44. Kd2 1-0

[Event "London Classic Open 2018"]
[Site "London ENG"]
[Date "2018.12.14"]
[Round "6.77"]
[White "Dias, Savin"]
[Black "Seymour, Timothy P"]
[Result "0-1"]
[WhiteElo "1903"]
[BlackElo "2080"]
[WhiteFideId "442399"]
[BlackFideId "412112"]
[EventDate "2018.12.09"]

1. e4 e5 2. Nf3 Nc6 3. Bc4 Bc5 4. c3 Nf6 5. d3 O-O 6. O-O d5 7. exd5 Nxd5 8. Re1
Bg4 9. Nbd2 Nb6 10. Ne4 Nxc4 11. Nxc5 Nd6 12. h3 Bh5 13. Be3 b6 14. Ne4 f5 15.
Bg5 Qd7 16. Ng3 Bxf3 17. Qxf3 f4 18. Qd5+ Kh8 19. Ne4 h6 20. Bh4 g5 21. Nxg5
hxg5 22. Bxg5 Rae8 23. h4 Rf5 24. Qf3 Nf7 25. Qh5+ Kg7 26. g4 Rxg5 27. hxg5 Rh8
28. Kh2 Qxg4 0-1

[Event "London Classic Open 2018"]
[Site "London ENG"]
[Date "2018.12.14"]
[Round "6.78"]
[White "Viudes Serra, Aaron"]
[Black "Jyothilal, N."]
[Result "1/2-1/2"]
[WhiteElo "1850"]
[BlackElo "2078"]
[WhiteFideId "2247658"]
[BlackFideId "5002605"]
[EventDate "2018.12.09"]

1. c4 Nf6 2. Nc3 d5 3. cxd5 Nxd5 4. g3 g6 5. Qb3 c6 6. Bg2 Nf6 7. d4 Bg7 8. e4
O-O 9. Nge2 Na6 10. e5 Ng4 11. h3 Nh6 12. Bf4 Qb6 13. Qxb6 axb6 14. Na4 Nb4 15.
Nxb6 Rxa2 16. Rxa2 Nxa2 17. Nxc8 Rxc8 18. Bd2 e6 19. O-O Bf8 20. Ra1 Nb4 21. Ra7
Rb8 22. Ra4 Nd5 23. Be4 Nf5 24. g4 Nfe7 25. f4 Nb6 26. Rb4 Ned5 27. Rb3 Nc4 28.
Bc1 b5 29. f5 Be7 30. fxe6 fxe6 31. Nf4 Bg5 32. Nxd5 cxd5 33. Bxd5 exd5 34. Bxg5
Kf7 35. Kf2 b4 36. Ke2 Ke8 37. Bd2 Nxd2 38. Kxd2 Ke7 39. Rf3 Rc8 40. h4 Rc4 41.
Rd3 h5 42. Ke3 Rc1 43. Kf4 hxg4 44. Kxg4 Re1 45. Kg5 Rg1+ 46. Kf4 Rh1 47. Kg3
Rg1+ 48. Kh2 Rg4 49. Kh3 Re4 50. Kg3 Ke6 51. Kh3 Ke7 1/2-1/2

[Event "London Classic Open 2018"]
[Site "London ENG"]
[Date "2018.12.14"]
[Round "6.79"]
[White "Mihailidou, Magdalini"]
[Black "Davison, Chris"]
[Result "0-1"]
[WhiteElo "1754"]
[BlackElo "2068"]
[WhiteFideId "25801236"]
[BlackFideId "407801"]
[EventDate "2018.12.09"]

1. e4 e5 2. d4 exd4 3. Qxd4 Nc6 4. Qe3 d6 5. Nc3 g6 6. Bd2 Bg7 7. f4 Nge7 8.
O-O-O O-O 9. h3 d5 10. exd5 Nxd5 11. Qf3 Be6 12. Be1 Qf6 13. Nge2 Rad8 14. a3 b5
15. g4 b4 16. g5 Qf5 17. Ne4 Ne5 18. Qg2 Ne3 19. Rxd8 Rxd8 20. Bd2 Nxg2 21. Bxg2
Nd3+ 22. Kb1 Qd5 23. cxd3 Qa2+ 24. Kc1 Bxb2+ 25. Kd1 Bb3+ 0-1

[Event "London Classic Open 2018"]
[Site "London ENG"]
[Date "2018.12.14"]
[Round "6.80"]
[White "Nettleton, Charlie B"]
[Black "Jaufarally, Nadia"]
[Result "1/2-1/2"]
[WhiteElo "2059"]
[BlackElo "1833"]
[WhiteFideId "419710"]
[BlackFideId "443727"]
[EventDate "2018.12.09"]

1. e4 c5 2. Nc3 Nc6 3. g3 g6 4. Bg2 Bg7 5. Nge2 e6 6. O-O Nge7 7. d3 O-O 8. Be3
b6 9. Qd2 d5 10. exd5 exd5 11. Bg5 Qd7 12. Nf4 f6 13. Nfxd5 fxg5 14. Nxe7+ Qxe7
15. Bxc6 Rb8 16. Rae1 Qd8 17. Bd5+ Kh8 18. Bg2 c4 19. Nd5 cxd3 20. Qxd3 Bf5 21.
Qb3 Rc8 22. c4 Qd6 23. Re7 Qc5 24. Rxa7 b5 25. Rxg7 Kxg7 26. Qc3+ Kh6 27. h4
gxh4 28. cxb5 Qxc3 29. Nxc3 hxg3 30. fxg3 Rfd8 31. b6 Rd2 32. b7 Rb8 33. Rf2 Rd7
34. a4 Rdxb7 35. Bxb7 Rxb7 36. Rd2 Rb4 37. a5 Bc8 38. Nd5 Rb5 39. b4 Bb7 40. Nc7
Rxb4 41. Ne6 Rb1+ 42. Kf2 Rb5 43. Rd4 Rxa5 44. Rh4+ Rh5 45. Rxh5+ Kxh5 46. Kg1
Bc8 47. Nf4+ Kg4 48. Kh2 Bb7 49. Ne6 Be4 50. Nf8 g5 51. Nd7 Bg6 52. Kg2 Be4+ 53.
Kh2 Kf3 54. Ne5+ Kf2 55. Ng4+ Ke2 56. Nh6 Bd5 57. Nf5 g4 58. Ng7 Bf7 59. Nf5 h5
60. Nd4+ Kf2 61. Nf5 Bd5 62. Nh4 Be4 63. Ng2 Bg6 64. Nh4 Bh7 65. Ng2 Be4 66. Nh4
Ke3 67. Kg1 Ke2 68. Kh2 1/2-1/2

[Event "London Classic Open 2018"]
[Site "London ENG"]
[Date "2018.12.14"]
[Round "6.81"]
[White "Rohfleisch, Daniel"]
[Black "Olarasu, Iuliana"]
[Result "1-0"]
[WhiteElo "1820"]
[BlackElo "2058"]
[WhiteFideId "12999881"]
[BlackFideId "1202103"]
[EventDate "2018.12.09"]

1. e4 e6 2. d4 d5 3. exd5 exd5 4. Nf3 Nf6 5. Bd3 Be7 6. O-O Bg4 7. h3 Bh5 8. Re1
O-O 9. Bg5 Re8 10. Nbd2 Nbd7 11. c3 Nf8 12. Qc2 N6d7 13. Bxe7 Rxe7 14. Qb3 Nb6
15. Qb4 Rxe1+ 16. Rxe1 Ne6 17. Bf5 a5 18. Qa3 Bxf3 19. Nxf3 Nc4 20. Qb3 a4 21.
Qxb7 Rb8 22. Qc6 Rb6 23. Qxa4 Nxb2 24. Qc2 g6 25. Bxe6 fxe6 26. Rb1 Nc4 27. Rxb6
cxb6 28. Qa4 Qc8 29. Qa7 h6 30. Qe7 g5 31. Qf6 Kh7 32. Qf7+ Kh8 33. Qg6 Qf8 34.
Qxe6 Qd6 35. Qxd6 Nxd6 36. Ne5 Nb5 37. c4 Nxd4 38. cxd5 Nf5 39. Nc4 b5 40. d6 1-0

[Event "London Classic Open 2018"]
[Site "London ENG"]
[Date "2018.12.14"]
[Round "6.82"]
[White "Basnayake, I U"]
[Black "Flear, Christine"]
[Result "1/2-1/2"]
[WhiteTitle "WCM"]
[BlackTitle "WIM"]
[WhiteElo "1692"]
[BlackElo "2055"]
[WhiteFideId "9901698"]
[BlackFideId "602604"]
[EventDate "2018.12.09"]

1. e4 c5 2. Nf3 g6 3. d4 cxd4 4. Nxd4 Bg7 5. Nc3 Nc6 6. Be3 Nf6 7. Bc4 Qa5 8.
O-O O-O 9. Bb3 d6 10. h3 Bd7 11. Qd2 Nxe4 12. Nxc6 Nxd2 13. Nxa5 Nxf1 14. Rxf1
b6 15. Nc4 Bc6 16. Rd1 Rfd8 17. Bg5 Rd7 18. Nd5 Bf8 19. Ncxb6 axb6 20. Nxb6 Ra5
21. Bd2 Ra6 22. Nxd7 Bxd7 23. Bc3 Ra7 24. Re1 Bc6 25. a3 1/2-1/2

[Event "London Classic Open 2018"]
[Site "London ENG"]
[Date "2018.12.14"]
[Round "6.83"]
[White "Ratnesan, Ranesh"]
[Black "Hosdurga, Chirag"]
[Result "1-0"]
[WhiteElo "2055"]
[BlackElo "1758"]
[WhiteFideId "439339"]
[BlackFideId "438189"]
[EventDate "2018.12.09"]

1. d4 Nf6 2. Bg5 d5 3. Bxf6 exf6 4. e3 Bd6 5. g3 O-O 6. Bg2 c6 7. Ne2 Bg4 8. O-O
Re8 9. b3 Nd7 10. Re1 Qa5 11. c3 Rad8 12. Qc2 Bh5 13. a3 Bg6 14. Qb2 Nf8 15. Nd2
Ne6 16. h4 Qc7 17. c4 dxc4 18. bxc4 Bd3 19. Nc3 Bg6 20. Rac1 Qa5 21. c5 Bxc5 22.
dxc5 Nxc5 23. Bf1 Bd3 24. Qb4 Qb6 25. Nc4 Qxb4 26. axb4 Bxf1 27. Rxf1 Nd3 28.
Rb1 Rc8 29. Nd6 1-0

[Event "London Classic Open 2018"]
[Site "London ENG"]
[Date "2018.12.14"]
[Round "6.84"]
[White "Skinner, Nicholas H"]
[Black "Merriman, James"]
[Result "1/2-1/2"]
[WhiteElo "2028"]
[BlackElo "1696"]
[WhiteFideId "448060"]
[BlackFideId "452270"]
[EventDate "2018.12.09"]

1. d4 e6 2. Nf3 Nf6 3. g3 c5 4. Bg2 d5 5. O-O Nc6 6. e3 Bd6 7. dxc5 Bxc5 8. c4
O-O 9. cxd5 exd5 10. Qc2 Qe7 11. a3 Be6 12. b4 Bb6 13. Bb2 Rac8 14. Qe2 Rfd8 15.
Rd1 Bg4 16. Nbd2 d4 17. Nc4 dxe3 18. Nxb6 exf2+ 19. Qxf2 axb6 20. Re1 Qd6 21. b5
Bxf3 22. Qxf3 Nd4 23. Bxd4 Qxd4+ 24. Qe3 Qxe3+ 25. Rxe3 Rd7 26. Bh3 Rcd8 27.
Bxd7 Rxd7 28. Rae1 g6 29. Re7 Rd5 30. a4 Nd7 31. Re8+ Kg7 32. Rd8 Kf6 33. Re4
Rd2 34. h4 h5 35. Kf1 Rd5 36. Ke2 Rd6 37. Ke3 Rd5 38. Ke2 Rd6 39. Ke1 Rd5 40.
Re3 Rd6 41. Ke2 1/2-1/2